Mi vida /
Guardado en:
| Autor Principal: | |
|---|---|
| Formato: | Libro |
| Publicado: |
Buenos Aires :
Losada,
1959
|
| Edición: | 4a. ed. |
| Materias: | |
| Etiquetas: |
Agregar Etiqueta
Sin Etiquetas, Sea el primero en etiquetar este registro!
|
| LEADER | 00467nam a22001815a 4500 | ||
|---|---|---|---|
| 001 | CEM.cems008669 | ||
| 005 | 20060214000000.0 | ||
| 008 | 130507s1959##################000#0#####d | ||
| 003 | CEMS | ||
| 082 | 0 | 4 | |a 927 |
| 100 | 1 | |a Duncan, Isadora | |
| 245 | 1 | 0 | |a Mi vida / |
| 250 | |a 4a. ed. | ||
| 260 | |a Buenos Aires : |b Losada, |c 1959 | ||
| 300 | |a 266 p. | ||
| 653 | |a Biografias | ||
| 653 | |a Duncan, isadora-biografia | ||
| 859 | |a CEMS |b BIB. CEMS - 11 de abril |h 927 |i D912a4 |p 18073.95 |t Ej.1 | ||
